Công nghệ chế tạo máy. T.1 /
Gồm hai phần chính :
Đã lưu trong:
| Príomhúdar: | |
|---|---|
| Formáid: | Leabhar |
| Teanga: | Vietnamese |
| Foilsithe: |
H. :
Đại học Quốc Gia Tp Hồ Chí Minh ,
2006
|
| Eagrán: | In lần thứ 1 |
| Ábhair: | |
| Clibeanna: |
Cuir Clib Leis
Gan Chlibeanna, Bí ar an gcéad duine leis an taifead seo a chlibeáil!
|
| Thư viện lưu trữ: | Thư viện Trường CĐ Kỹ Thuật Cao Thắng |
|---|
| LEADER | 01749nam a2200325 a 4500 | ||
|---|---|---|---|
| 001 | TVCDKTCT8014 | ||
| 003 | Thư viện trường Cao đẳng Kỹ thuật Cao Thắng | ||
| 005 | 20221028092302.000 | ||
| 008 | 070731 | ||
| 980 | \ | \ | |a Thư viện Trường CĐ Kỹ Thuật Cao Thắng |
| 024 | |a RG_1 #1 eb0 i1 i5 | ||
| 041 | 0 | # | |a vie |
| 082 | # | # | |a 621.815 / |b C455N-t |
| 100 | 1 | # | |a Trần Dõan Sơn |
| 245 | 0 | 0 | |a Công nghệ chế tạo máy. T.1 / |c Trần Dõan Sơn |
| 250 | # | # | |a In lần thứ 1 |
| 260 | # | # | |a H. : |b Đại học Quốc Gia Tp Hồ Chí Minh , |c 2006 |
| 300 | # | # | |a 175tr. ; |c 27cm |
| 520 | # | # | |a Gồm hai phần chính : |
| 520 | # | # | |a Phần I: Trình bày các vấn đề cơ bản của việc đảm bảo chất lượng chế tạo các máy móc và thiết bị; các phương pháp chuẩn bị sản xuất, các phương pháp gia công v.v. nhằm đạt được hiệu quả kinh tế kỹ thuật. |
| 520 | # | # | |a Phần II trình bày một số vấn đề có tính chất điển hình thường gặp trong sản xuất và sửa chữa cơ khí. |
| 650 | # | 4 | |a Công nghệ chế tạo máy |
| 650 | # | 4 | |a Manufacturing Technology |
| 653 | # | # | |a Mechanical Engineering Technology |
| 721 | # | # | |a 03. CNKT Cơ khí |
| 721 | # | # | |a 04. CNKT Ô tô |
| 721 | # | # | |a 10. Cơ khí chế tạo (Cắt gọt kim loại) |
| 721 | # | # | |a 11. Sửa chữa cơ khí (Nguội sửa chữa máy công cụ) |
| 841 | # | # | |b Kho Sách |j 100021581, 100021586, 100021591, 100021595, 100021596, 100021631 |
| 841 | # | # | |b Kho Tra Cứu |j 500002822, 500002900, 500002905, 500002910 |